India and Malaya: a study (Record no. 866)

MARC details
000 -LEADER
fixed length control field 00334nam a2200133Ia 4500
005 - DATE AND TIME OF LATEST TRANSACTION
control field 20240814115800.0
008 - FIXED-LENGTH DATA ELEMENTS--GENERAL INFORMATION
fixed length control field 240813s9999||||xx |||||||||||||| ||und||
082 ## - DEWEY DECIMAL CLASSIFICATION NUMBER
Classification number 327.54 RAG
100 ## - MAIN ENTRY--PERSONAL NAME
Personal name Raghavan, Nedyam
245 #0 - TITLE STATEMENT
Title India and Malaya: a study
260 ## - PUBLICATION, DISTRIBUTION, ETC.
Place of publication, distribution, etc. Bombay
Name of publisher, distributor, etc. Orient Longmans
Date of publication, distribution, etc. 1954
650 ## - SUBJECT ADDED ENTRY--TOPICAL TERM
Topical term or geographic name entry element Political Science
942 ## - ADDED ENTRY ELEMENTS (KOHA)
Koha item type Book
Holdings
Withdrawn status Lost status Damaged status Not for loan Home library Current library Date acquired Total checkouts Barcode Date last seen Price effective from Koha item type
        Library and Documentation Division NCERT Library and Documentation Division NCERT 08/14/2024   941 08/14/2024 08/14/2024 Book